00469nam a2200193 a 4500001001300000003000900013005001700022008004100039020001000080082001300090100001700103245003600120260003200156300000800188500003500196505001000231650001700241700001700258nice12345678IN_TiNIC20260116012850.0050524s0000 swia grp 000 0 eng  ac10000a232bMAS aMasih, Abdul aWhat Do You Think About Christ? aSwitzerlandbGood Wayc0000 a29p aincludes index and biblioraphy2 aIndex aJesus Christ1 aMasih, Abdul